| 000 | 00000nam 2200000za 4500 |
| 001 | 9.801142 |
| 003 | CaOODSP |
| 005 | 20221107134737 |
| 007 | cr ||||||||||| |
| 008 | 150603s2015||||xxcd||||o f000 0 eng d |
| 020 | |a978-0-660-02478-3 |
| 040 | |aCaOODSP|beng |
| 043 | |an-cn--- |
| 086 | 1 |aPS64-115/2015E-PDF |
| 245 | 00|aMissing and murdered Aboriginal women |h[electronic resource] : |b2015 update to the National Operational Overview |
| 260 | |a[Ottawa] : |bRoyal Canadian Mounted Police,|cc2015. |
| 300 | |a21 p. : |bcol. ill., graphs |
| 500 | |aAlso available in French under title: Les femmes autochtones disparues ou assassinées : mise à jour 2015 de l’Aperçu opérationnel national. |
| 690 | 07|aIndigenous peoples|2gcpds |
| 690 | 07|aViolence against women|2gcpds |
| 710 | 2 |aRoyal Canadian Mounted Police. |
| 775 | 08|tLes femmes autochtones disparues ou assassinées |w(CaOODSP)9.801143 |
| 856 | 40|qPDF|s1.77 MB|uhttps://publications.gc.ca/collections/collection_2015/grc-rcmp/PS64-115-2015-eng.pdf |